|
|
|
|
| LEADER |
00000nab a2200000 a 4500 |
| 001 |
vtls009321809 |
| 003 |
SK-MaSNL |
| 005 |
20260426071246.0 |
| 008 |
080814c2008 xo 0 slo |
| 015 |
|
|
|a SNBRB2008/09
|2 snkbucl
|
| 040 |
|
|
|a SNKBUCL
|b slo
|c SNKBUCL
|e AACR2
|
| 041 |
0 |
|
|a slo
|
| 044 |
|
|
|a xo
|c SK
|
| 080 |
|
|
|a 31
|2 2001
|
| 080 |
|
|
|a 338.5
|x (437.6)
|2 2001
|
| 110 |
1 |
|
|a Slovensko.
|b Štatistický úrad
|4 aut
|
| 245 |
0 |
0 |
|a Ceny vo výrobnej sfére
|c Štatistický úrad Slovenskej republiky
|
| 648 |
|
7 |
|a máj 2008
|2 snkbucl
|9 1041415
|
| 650 |
0 |
7 |
|a ceny výrobné
|2 snkbucl
|9 894092
|
| 650 |
0 |
7 |
|a štatistika
|2 snkbucl
|9 778
|
| 651 |
|
7 |
|a Slovensko
|2 snkbucl
|9 14231
|
| 655 |
|
7 |
|a články z novín a časopisov
|2 snkbucl
|9 267496
|
| 773 |
0 |
|
|t Bulletin
|g Č. 5 (2008), s. 21-24
|
| 850 |
|
|
|a Slovenská národná knižnica v Martine
|
| 852 |
|
|
|a SNK
|b KIS3GCP
|
| 999 |
|
|
|c 2676721
|d 2678651
|